Balkanite, politiko-ikonomicheski spravochnik /
Saved in:
| Other Authors: | , , , |
|---|---|
| Format: | Book |
| Language: | Bulgarian |
| Published: |
Sofii︠a︡ :
Partizdat,
1982.
|
| Edition: | 1. izd. |
| Subjects: | |
| Tags: |
Add Tag
No Tags, Be the first to tag this record!
|
| LEADER | 01168nam a2200289 a 4500 | ||
|---|---|---|---|
| 001 | 001086607-8 | ||
| 005 | 20020606090541.3 | ||
| 008 | 830126s1982 bu af 00000 bulo | ||
| 010 | |a 82186534 | ||
| 020 | |c 2.86 lv | ||
| 035 | 0 | |a ocm09254365 | |
| 040 | |a DLC |c DLC | ||
| 043 | |a ed----- | ||
| 050 | 0 | 4 | |a DR10 |b .B33 1982 |
| 245 | 0 | 0 | |a Balkanite, politiko-ikonomicheski spravochnik / |c [otgovoren redaktor T︠S︡v. Dimitrov ; sŭstavitel G. Stefanov ; redakt︠s︡ionna kolegii︠a︡ Evg. Aleksandrov ... et al. ; avtorski kolektiv Evg. Aleksandrov ... et al.]. |
| 250 | |a 1. izd. | ||
| 260 | 0 | |a Sofii︠a︡ : |b Partizdat, |c 1982. | |
| 300 | |a 274 p., [1] folded leaf of plates : |b ill. ; |c 21 cm. | ||
| 651 | 0 | |a Balkan Peninsula |x Handbooks, manuals, etc. | |
| 655 | 7 | |a Handbooks, manuals, etc. |2 fast | |
| 700 | 1 | |a Dimitrov, T︠S︡v. | |
| 700 | 1 | |a Stefanov, Georgi, |c kandidat na i︠u︡ridicheskite nauki. | |
| 700 | 1 | |a Aleksandrov, Evgeni. | |
| 700 | 1 | |a Stefanov, Georgi |q (Georgi Georgiev) | |
| 776 | 0 | 8 | |i Online version: |t Balkanite, politiko-ikonomicheski spravochnik. |b 1. izd. |d Sofii͡a : Partizdat, 1982 |w (OCoLC)643809087 |
| 988 | |a 20020608 | ||
| 906 | |0 DLC | ||


